000 00867nam a22002175i 4500
001 154840
003 ES-MaACL
005 20250821111655.0
008 991001s1878 fr |||| | fre d
040 _aCAM
_bspa
_cCAM
100 1 _aGüell y Renté, José (
_d1818-1884)
_9127739
245 1 0 _aPhilippe II et Don Carlos devant l'histoire /
_cpar José Güell y Renté ; ouvrage orné de XI portraits a l'eau forte par A. Muraton...
260 _aParis :
_bCalmann Lévy, éditeur,
_c1878.
300 _aVIII, X, 353 p., [11] h. de lám. ;
_c22 cm.
600 0 4 _aFelipe
_bII,
_cRey de España
_949175
600 1 4 _aAustria, Carlos de,
_cPríncipe de Asturias,
_d1545-1568
_923963
651 4 _aEspaña-
_xHistoria-
_y1556-1598, Felipe II.
_98218
700 1 _aMuraton, A.
_9130288
852 _aES-MaACL
_jG-7986
_z-- Enc. hol.
999 _c154840
_d154840